| 000 | 01171nam a2200265 a 4500 | ||
|---|---|---|---|
| 001 | BRCA_3658 | ||
| 005 | 20190320204354.0 | ||
| 008 | 010909s2005----mx-a---###---#000-0#spa-# | ||
| 020 | _a9688595756 | ||
| 041 | _aspa | ||
| 044 | _amx | ||
| 050 | 4 |
_aF1219.3 _b.A44 2005 |
|
| 245 | 1 | 0 |
_aAlemania y México _bpercepciones mutuas en impresos, siglos XVI-XVIII _ceditores Horst Pietschmann, Manuel Ramos Medina, María Cristina Torales Pacheco ; colaboración de Karl Kohut. |
| 260 |
_aMéxico _bUniversidad Iberoamericana : Cátedra Guillermo y Alejandro de Humboldt : Centro de Estudios de Historia de México Condumex _c2005 |
||
| 300 |
_a508 _bil. _c21 cm. |
||
| 500 | _aincluye índice onomástico y geográfico | ||
| 500 | _aSimposio Alemania y México: percepciones mutuas en impresos, siglos XVI-XVIII (Ciudad de México), 2004 | ||
| 650 | 1 | 4 |
_aManuscritos mexicanos _vCongresos _99482 |
| 650 | 1 | 4 |
_aManuscritos mexicanos _vCongresos _yVirreinato, 1535-1821 _99483 |
| 651 | 4 |
_aMéxico _vCongresos _xHistoria _99484 |
|
| 700 | 1 |
_aPietschmann, Horst _99485 |
|
| 700 | 1 |
_aRamos Medina, Manuel _99486 |
|
| 700 | 1 |
_aTorales Pacheco, María Cristina _99487 |
|
| 942 |
_2lcc _cB |
||
| 999 |
_c3390 _d3390 |
||